<?xml version="1.0" encoding="UTF-8"?>
<record
    xmlns:xsi="http://www.w3.org/2001/XMLSchema-instance"
    xsi:schemaLocation="http://www.loc.gov/MARC21/slim http://www.loc.gov/standards/marcxml/schema/MARC21slim.xsd"
    xmlns="http://www.loc.gov/MARC21/slim">

  <leader>00750nam a22002652  4500</leader>
  <datafield tag="999" ind1=" " ind2=" ">
    <subfield code="c">18254</subfield>
    <subfield code="d">18254</subfield>
  </datafield>
  <controlfield tag="001">0000003091</controlfield>
  <controlfield tag="003">OSt</controlfield>
  <controlfield tag="005">20200812100008.0</controlfield>
  <controlfield tag="008">070427s        xx            000 0 eng d</controlfield>
  <datafield tag="020" ind1=" " ind2=" ">
    <subfield code="a">007715469x</subfield>
  </datafield>
  <datafield tag="040" ind1=" " ind2=" ">
    <subfield code="a">KABU</subfield>
    <subfield code="c">KABU</subfield>
  </datafield>
  <datafield tag="050" ind1=" " ind2="0">
    <subfield code="a">HJ257.2</subfield>
    <subfield code="b">.R67 2014 c.1</subfield>
  </datafield>
  <datafield tag="100" ind1="1" ind2=" ">
    <subfield code="a">Rosen, Harvey S.</subfield>
  </datafield>
  <datafield tag="245" ind1="1" ind2="0">
    <subfield code="a">Public finance /</subfield>
    <subfield code="c">Harvey S. Rosen.</subfield>
  </datafield>
  <datafield tag="250" ind1=" " ind2=" ">
    <subfield code="a">10th ed.</subfield>
    <subfield code="b">Global edition</subfield>
  </datafield>
  <datafield tag="260" ind1=" " ind2=" ">
    <subfield code="a">Boston :</subfield>
    <subfield code="b">Irwin/McGraw-Hill,</subfield>
    <subfield code="c">2014.</subfield>
  </datafield>
  <datafield tag="300" ind1=" " ind2=" ">
    <subfield code="a">xxii, 588p.</subfield>
  </datafield>
  <datafield tag="650" ind1=" " ind2="0">
    <subfield code="a">Finance, Public</subfield>
    <subfield code="z">United States.</subfield>
  </datafield>
  <datafield tag="700" ind1=" " ind2=" ">
    <subfield code="a">Ted Gayer</subfield>
  </datafield>
  <datafield tag="908" ind1=" " ind2=" ">
    <subfield code="a">070427</subfield>
  </datafield>
  <datafield tag="942" ind1=" " ind2=" ">
    <subfield code="2">lcc</subfield>
    <subfield code="c">BK</subfield>
  </datafield>
  <datafield tag="952" ind1=" " ind2=" ">
    <subfield code="0">0</subfield>
    <subfield code="1">0</subfield>
    <subfield code="2">lcc</subfield>
    <subfield code="7">0</subfield>
    <subfield code="a">KABU</subfield>
    <subfield code="b">KABU</subfield>
    <subfield code="d">2020-02-28</subfield>
    <subfield code="f">4216</subfield>
    <subfield code="l">0</subfield>
    <subfield code="o">HJ257.2 .R67 2014 c.1</subfield>
    <subfield code="p">028441</subfield>
    <subfield code="r">2020-02-28 00:00:00</subfield>
    <subfield code="w">2020-02-28</subfield>
    <subfield code="y">BK</subfield>
  </datafield>
  <datafield tag="952" ind1=" " ind2=" ">
    <subfield code="0">0</subfield>
    <subfield code="1">0</subfield>
    <subfield code="2">lcc</subfield>
    <subfield code="7">0</subfield>
    <subfield code="a">KABU</subfield>
    <subfield code="b">KABU</subfield>
    <subfield code="d">2020-02-28</subfield>
    <subfield code="f">4216</subfield>
    <subfield code="l">0</subfield>
    <subfield code="o">HJ257.2 .R67 2014 c.2</subfield>
    <subfield code="p">028442</subfield>
    <subfield code="r">2020-02-28 00:00:00</subfield>
    <subfield code="w">2020-02-28</subfield>
    <subfield code="y">BK</subfield>
  </datafield>
  <datafield tag="952" ind1=" " ind2=" ">
    <subfield code="0">0</subfield>
    <subfield code="1">0</subfield>
    <subfield code="2">lcc</subfield>
    <subfield code="7">0</subfield>
    <subfield code="a">KABU</subfield>
    <subfield code="b">KABU</subfield>
    <subfield code="d">2020-02-28</subfield>
    <subfield code="f">4216</subfield>
    <subfield code="l">0</subfield>
    <subfield code="o">HJ257.2 .R67 2014 c.3</subfield>
    <subfield code="p">028443</subfield>
    <subfield code="r">2020-02-28 00:00:00</subfield>
    <subfield code="w">2020-02-28</subfield>
    <subfield code="y">BK</subfield>
  </datafield>
  <datafield tag="952" ind1=" " ind2=" ">
    <subfield code="0">0</subfield>
    <subfield code="1">0</subfield>
    <subfield code="2">lcc</subfield>
    <subfield code="7">0</subfield>
    <subfield code="a">KABU</subfield>
    <subfield code="b">KABU</subfield>
    <subfield code="d">2020-02-28</subfield>
    <subfield code="f">4216</subfield>
    <subfield code="l">0</subfield>
    <subfield code="o">HJ257.2 .R67 2014 c.5</subfield>
    <subfield code="p">030442</subfield>
    <subfield code="r">2020-08-12 00:00:00</subfield>
    <subfield code="w">2020-02-28</subfield>
    <subfield code="y">BK</subfield>
  </datafield>
  <datafield tag="952" ind1=" " ind2=" ">
    <subfield code="0">0</subfield>
    <subfield code="1">0</subfield>
    <subfield code="2">lcc</subfield>
    <subfield code="7">0</subfield>
    <subfield code="a">KNTC</subfield>
    <subfield code="b">KNTC</subfield>
    <subfield code="d">2020-02-28</subfield>
    <subfield code="f">4216</subfield>
    <subfield code="l">0</subfield>
    <subfield code="o">HJ257.2 .R67 2014 c.1</subfield>
    <subfield code="p">030443</subfield>
    <subfield code="r">2020-08-12 00:00:00</subfield>
    <subfield code="w">2020-02-28</subfield>
    <subfield code="y">BK</subfield>
  </datafield>
  <datafield tag="952" ind1=" " ind2=" ">
    <subfield code="0">0</subfield>
    <subfield code="1">0</subfield>
    <subfield code="2">lcc</subfield>
    <subfield code="7">0</subfield>
    <subfield code="a">KABU</subfield>
    <subfield code="b">KABU</subfield>
    <subfield code="d">2020-02-28</subfield>
    <subfield code="f">4216</subfield>
    <subfield code="l">2</subfield>
    <subfield code="o">HJ257.2 .R67 2014 c.4</subfield>
    <subfield code="p">030441</subfield>
    <subfield code="r">2024-02-24 12:49:37</subfield>
    <subfield code="s">2024-02-19</subfield>
    <subfield code="w">2020-02-28</subfield>
    <subfield code="y">BK</subfield>
  </datafield>
</record>
